Teatro chileno actual

Guardat en:
Dades bibliogràfiques
Format: Llibre
Idioma:espanyol
Publicat: Santiago Zig-Zag 1966
Col·lecció:Colección Antologías
Matèries:
Etiquetes: Afegir etiqueta
Sense etiquetes, Sigues el primer a etiquetar aquest registre!

MARC

LEADER 00000nam a2200000 a 4500
001 UCQ6881
003 CL-VaPUC
005 20240410155030.0
008 981023e19660000CL |||||||||||||||||spa|d
999 |c 276779  |d 276777 
040 |c Pontificia Universidad Católica de Valparaíso 
082 0 4 |a Ch862.08  |b TEA  |2 21 
245 1 0 |a Teatro chileno actual 
260 |a Santiago  |b Zig-Zag  |c 1966 
300 |a 307 p 
490 0 |a Colección Antologías 
583 |a last modification  |c 19981023 00:00:00  |k Rodrigo Vera 
600 0 |a Morales, José Ricardo,  |d 1915-2016  |9 867180 
600 0 7 |a AGUIRRE, ISIDORA  |2 CL-VaPUC  |9 345740 
600 0 7 |a DEBESA MARIN, FERNANDO  |2 CL-VaPUC  |9 319025 
600 0 7 |a ROEPKE, GABRIELA  |2 CL-VaPUC  |9 420802 
600 0 |a Molleto Labarca, Enrique,  |d 1922-  |9 420803 
600 0 7 |a VODANOVIC, SERGIO  |2 CL-VaPUC  |9 420804 
600 0 7 |a WOLFF, EGON  |2 CL-VaPUC  |9 319026 
600 0 7 |a HEIREMANS DESPOUY, LUIS ALBERTO  |2 CL-VaPUC  |9 319024 
600 0 7 |a SIEVEKING, ALEJANDRO  |2 CL-VaPUC  |9 420805 
600 0 7 |a DIAZ GUTIERREZ, JORGE  |2 CL-VaPUC  |9 420806 
650 0 |a Dramas chilenos  |9 313819 
650 0 |a Literatura chilena   |9 308278 
650 0 |a Antologías  |9 309836 
942 |c BK  |2 ddc 
945 |d 19981023 00:00:00  |a crobeson 
952 |0 0  |1 0  |4 0  |6 CH_862_080000000000000_TEA_1966  |7 0  |8 A  |9 314246  |a BIBEDU  |b BIBEDU  |d 2019-11-20  |i 1484885  |o Ch862.08 TEA 1966  |p 1484885  |r 2019-11-20  |w 2019-11-20  |y BK  |k LIT